000 00718nam a2200265Ia 4500
003 OSt
005 20220925212600.0
006 a|||||r|||| 00| 0
007 ta
008 220923b |||||||| |||| 00| 0 eng d
020 _a0043012388
037 _cGeneral Book
040 _aRTL
_cRTL
_beng
041 _2eng
_aeng
082 _aY35, M6
100 _aHolton R J
_9124261
245 0 _aCities, capitalism and civilization
260 _aLondon
_bAllen and Unwin
_c1986
300 _a163p
_ccm.
490 _aControversies in Sociology.20
500 _aBibliography: p 151-59
650 _aCity Sociology
_9235611
942 _hY35, M6
_cGB
_2CC
999 _c560695
_d560695